000 00643nam a2200193Ii 4500
003 JO-AjNU
008 230605s9999||||xx |||||||||||||| ||und||
040 _aJO-AjNU
_bara
_erda
_cJO-AjNU
041 _aara
050 1 4 _aPJ6106.Y3978 1985
100 3 _aاعداد اليازجي،كمال,
_eauthor
_918832
245 0 0 _aالاصول العملية في قواعد اللغة
264 3 1 _aبيروت: دار الجيل، 1985
300 _a126ص
336 _atext
_btxt
_2rdacontent
337 _aunmediated
_bn
_2rdamedia
338 _avolume
_bnc
_2rdacarrier
650 4 _aاللغة العربية-النحو-الصرف-قواعد
_918833
999 _aA6097
_c9665
_d9665